000 00866nam a22002177a 4500
005 20220207163217.0
008 220207b ||||| |||| 00| 0 eng d
040 _cAL
041 _aeng
082 _223
_a825
_bPANW
100 _aGovind Ballabh Pant
_917407
245 _aWords That Moved: Select speeches of Pt. Govind Ballabh Pant 1924-1929
260 _aUP
_bA Publication of Information & Public Relations Department
_c1987
300 _axvi,431 p.
_bHB
_c22x14 cm/
520 _aSelected speeches of Govind Ballabh Pant, 1898-1961, Indian nationalist and former chief minister of Uttar Pradesh; chiefly about political and social conditions in 20th century India.
650 _aSpeeches
_917408
650 _aPolitics and Government
_917409
700 _aPANT (Govind Ballabh)
_917410
700 _aDIKSHIT (Jagdish Chandra) Ed
_917411
942 _2ddc
_cGF
999 _c221442
_d221442